000 00497nam a2200181Ia 4500
003 OSt
005 20260119161222.0
008 210210b1961 xxu||||| |||| 00| 0 eng d
040 _cAL
041 _aKannada
082 _a859/226
100 _aINDIRATANAYA
_9148464
_dಇಂದಿರತನಯ
245 _aHattu ratri:
_bಹತ್ತು ರಾತ್ರಿ
260 _aBengaluru
_bShri Ranganatha Prakashana
_c1961
690 _aKannada Fiction
_9148465
906 _a021000
942 _2ddc
_cBK
999 _c145162
_d145162